<?xml version="1.0" encoding="UTF-8"?>
<record
    xmlns:xsi="http://www.w3.org/2001/XMLSchema-instance"
    xsi:schemaLocation="http://www.loc.gov/MARC21/slim http://www.loc.gov/standards/marcxml/schema/MARC21slim.xsd"
    xmlns="http://www.loc.gov/MARC21/slim">

  <leader>01067nam a2200205   4500</leader>
  <controlfield tag="008">200303s2000    es ||||er|||| 001 0 spa d</controlfield>
  <datafield tag="020" ind1=" " ind2=" ">
    <subfield code="a">849630485</subfield>
  </datafield>
  <datafield tag="041" ind1=" " ind2=" ">
    <subfield code="a">spa</subfield>
  </datafield>
  <datafield tag="092" ind1=" " ind2=" ">
    <subfield code="c">808</subfield>
    <subfield code="l">54</subfield>
    <subfield code="s">MUN</subfield>
  </datafield>
  <datafield tag="100" ind1="1" ind2=" ">
    <subfield code="a">Mu&#xF1;oz Molina, Antonio.</subfield>
    <subfield code="9">4120</subfield>
  </datafield>
  <datafield tag="245" ind1="3" ind2=" ">
    <subfield code="a">La pose&#xED;da /</subfield>
    <subfield code="c">Antonio Mu&#xF1;oz Molina.</subfield>
  </datafield>
  <datafield tag="250" ind1=" " ind2=" ">
    <subfield code="a">1a ed.</subfield>
  </datafield>
  <datafield tag="260" ind1=" " ind2=" ">
    <subfield code="a">Madrid:</subfield>
    <subfield code="b">H. Kliczkowski;</subfield>
    <subfield code="c">2000.</subfield>
  </datafield>
  <datafield tag="300" ind1=" " ind2=" ">
    <subfield code="a">64 p.</subfield>
  </datafield>
  <datafield tag="500" ind1=" " ind2=" ">
    <subfield code="a">Mu&#xF1;oz Molina, A. (2000). La pose&#xED;da. (1a ed.). Madrid : Kliczkowski.</subfield>
  </datafield>
  <datafield tag="505" ind1=" " ind2=" ">
    <subfield code="a">Recuerdos de la infancia, ponerse en el lugar del "otro", una fotograf&#xED;a antigua de angustiosa actualidad, y el amor como eje conductor de sus cuentos y relatos, esto es lo que nos presenta Antonio Mu&#xF1;oz Molina con su escritura vigorosa, reflexiva e innovadora. La pose&#xED;da ofrece una selecci&#xF3;n de los art&#xED;culos y relatos del autor que mejor plasman su capacidad para despertar nuestros sentidos ante la feroz rutina que amenaza con adormecerlos. </subfield>
  </datafield>
  <datafield tag="590" ind1=" " ind2=" ">
    <subfield code="a">Proyecto 4to libro. Donaci&#xF3;n Otero Moreno, Camilo. Marzo 2020.</subfield>
  </datafield>
  <datafield tag="655" ind1=" " ind2=" ">
    <subfield code="a">Literatura</subfield>
    <subfield code="9">2917</subfield>
  </datafield>
  <datafield tag="942" ind1=" " ind2=" ">
    <subfield code="2">ddc</subfield>
    <subfield code="c">LIT</subfield>
  </datafield>
  <datafield tag="999" ind1=" " ind2=" ">
    <subfield code="c">3079</subfield>
    <subfield code="d">3079</subfield>
  </datafield>
  <datafield tag="952" ind1=" " ind2=" ">
    <subfield code="0">0</subfield>
    <subfield code="1">0</subfield>
    <subfield code="2">ddc</subfield>
    <subfield code="4">0</subfield>
    <subfield code="7">0</subfield>
    <subfield code="a">BFM</subfield>
    <subfield code="b">BFM</subfield>
    <subfield code="c">CR</subfield>
    <subfield code="d">2020-03-03</subfield>
    <subfield code="e">Donaci&#xF3;n Otero Moreno, Camilo. Marzo 2020</subfield>
    <subfield code="l">0</subfield>
    <subfield code="o">808 54 MUN</subfield>
    <subfield code="p">4625</subfield>
    <subfield code="r">2020-03-03</subfield>
    <subfield code="t">Ej. 1</subfield>
    <subfield code="w">2020-03-03</subfield>
    <subfield code="y">LIT</subfield>
    <subfield code="z">Donaci&#xF3;n Otero Moreno, Camilo. Marzo 2020</subfield>
  </datafield>
</record>
